000 00554cam a22001933a 4500
001 42201
003 PGUSA
005 20140828083943.0
008 130225s2013||||xxu|||||s|||||000 | eng d
040 _aPGUSA
_beng
042 _adc
245 1 4 _aThe Irish Penny Journal, No. 2, Vol. I, July 11, 1840
_h[electronic resource] /
_cVarious
260 _bProject Gutenberg,
_c2013
506 _aPublic domain in the USA.
516 _aElectronic text
830 0 _aProject Gutenberg
_v42201
856 4 0 _uhttp://www.gutenberg.org/ebooks/42201
942 _cEB
999 _c271453
_d271453